Estudio sobre la Exposición Vinícola Nacional de 1877 (Record no. 53454)

MARC details
000 -LEADER
campo de control de longitud fija 00761nam a2200181 i 4500
001 - NÚMERO DE CONTROL
campo de control 53454
003 - IDENTIFICADOR DE NÚMERO DE CONTROL
campo de control ES-MaACL
005 - FECHA Y HORA DE LA ÚLTIMA TRANSACCIÓN
campo de control 20230906162753.0
007 - CAMPO FIJO DE DESCRIPCIÓN FÍSICA--INFORMACIÓN GENERAL
campo de control de longitud fija t|
008 - DATOS DE LONGITUD FIJA--INFORMACIÓN GENERAL
campo de control de longitud fija 950927s1878 sp abf ||||1| spa d
040 ## - FUENTE DE CATALOGACIÓN
Centro catalogador/agencia de origen CAM
Lengua de catalogación spa
Centro/agencia transcriptor CAM
245 00 - MENCIÓN DEL TÍTULO
Título Estudio sobre la Exposición Vinícola Nacional de 1877
Resto del título : publicado en cumplimiento del real decreto de 15 de septiembre de 1876, siendo Ministro de Fomento el Excmo. Sr. Conde de Toreno.
260 ## - PUBLICACIÓN, DISTRIBUCIÓN, ETC.
Lugar de publicación, distribución, etc. Madrid :
Nombre del editor, distribuidor, etc. [s.n.],
Fecha de publicación, distribución, etc. 1878 (
Fabricante Imp. y fundición de Manuel Tello)
300 ## - DESCRIPCIÓN FÍSICA
Extensión VII, 1228 p., [9] h. de map., [1] h. de plan, [4] h. de lám. ;
Dimensiones 36 cm.
650 #4 - PUNTO DE ACCESO ADICIONAL DE MATERIA--TÉRMINO DE MATERIA
Término de materia o nombre geográfico como elemento de entrada Industria vitivinícola-
Subdivisión geográfica España.
9 (RLIN) 170300
711 2# - ENTRADA AGREGADA--NOMBRE DE REUNIÓN
Nombre de congreso/reunión o jurisdicción como elemento de entrada Exposición Nacional Vinícola (
Fecha del congreso o de la firma del tratado 1877.
Sede del congreso/Lugar de la reunión Madrid)
9 (RLIN) 708
852 ## - LOCALIZACIÓN
Ubicación ES-MaACL
Número de control de estantería G-1947
Holdings
Estatus retirado Estado de pérdida Estado de daño No para préstamo Colección Biblioteca de origen Biblioteca actual Ubicación en estantería Fecha de adquisición Fuente de adquisición Total de préstamos Signatura topográfica completa Código de barras Visto por última vez Precio de reemplazo Tipo de ítem Koha
        Libros del s. XIX Biblioteca del Ateneo de Madrid Biblioteca del Ateneo de Madrid Depósito 2 17/01/2008     G-1947 1056169 23/02/2023 23/02/2023 Libro impreso antiguo